000 00342nam a22001217a 4500
999 _c5073
_d5073
008 250516b ||||| |||| 00| 0 eng d
020 _a9781508150084
082 _a931 KOV
100 _aKOVACS,VIC
_eAUTHOR
245 _aTHE CULTURE OF THE QIN & HAN DYNASTIES OF CHINA
260 _aNEW YORK
_bTHE ROSEN PUBLISHING GROUP,INC
_c2017
942 _2ddc